| 000 | 00831nam a2200217Ia 4500 | ||
|---|---|---|---|
| 999 |
_c41265 _d41265 |
||
| 001 | 7918 | ||
| 003 | GE_BSU | ||
| 005 | 20220930144519.0 | ||
| 008 | 181216sru 2012xx |||||||||||||| ||rus|| | ||
| 020 | _a978545909040 | ||
| 040 | _cGE_BSU | ||
| 041 | _arus | ||
| 080 | _a327(075)(100) М-64 | ||
| 245 |
_aМировая политика и международные отношения / _cРед.Ю.Косова |
||
| 264 |
_aСПБ : _bПитер, _c2012. |
||
| 300 |
_a384 стр.: _bилл; _c21 см. |
||
| 653 | _aМировая политика и международные отношения | ||
| 653 | _aმსოფლიო პოლიტიკა და საერთაშორისო ურთიერთობები | ||
| 700 |
_aКосова, Ю _eრედაქტორი _914931 |
||
| 942 |
_cBK _2udc |
||